[Event "Hannover Region-ch"]
[Site "Langenhagen"]
[Date "2012.04.28"]
[Round "7"]
[White "Willeke, Lutz"]
[Black "Kiselev, Alexander2222"]
[Result "1/2-1/2"]
[WhiteElo "1605"]
[BlackElo "1987"]
[PlyCount "120"]
[EventDate "2012.01.14"]
[EventType "swiss"]
[EventRounds "7"]
[EventCountry "GER"]
[SourceTitle "EXT 2021"]
[Source "ChessBase"]
[SourceDate "2020.10.23"]
[SourceVersion "1"]
[SourceVersionDate "2020.10.23"]
[SourceQuality "1"]

1. d4 Nf6 2. Nf3 d5 3. c4 dxc4 4. Nc3 a6 5. a4 Nc6 6. e3 Bg4 7. Bxc4 e6 8. 0-0 Bd6 9. Be2 0-0 10. h3 Bh5 11. Nd2 Bxe2 12. Qxe2 Nd5 13. Nc4 Bb4 14. Bd2 Qe7 15. f4 Rad8 16. Ne4 Bxd2 17. Nexd2 f6 18. Nf3 Qb4 19. Rfe1 Rd7 20. Qc2 Rfd8 21. Ra3 b5 22. axb5 axb5 23. Ncd2 Nce7 24. Ne4 Nf5 25. Nc5 Re7 26. Rb3 Qc4 27. Qd2 Nxf4 28. Rc3 Qb4 29. exf4 Nxd4 30. Nxd4 Rxd4 31. Qc1 Rd6 32. Kh1 Kf7 33. Re4 Rd4 34. Rxd4 Qxd4 35. Qe3 Qd1+ 36. Kh2 e5 37. fxe5 Rxe5 38. Qd3 Qe2 39. Qxe2 Rxe2 40. b3 Ke7 41. Na6 Kd6 42. Nxc7 b4 43. Nb5+ Kd5 44. Rc4 Re3 45. Nc7+ Kd6 46. Na6 Rxb3 47. Rxb4 Rxb4 48. Nxb4 Ke5 49. Kg3 Ke4 50. Kf2 h5 51. g3 g5 52. Na2 f5 53. Nc3+ Kd3 54. Ne2 Ke4 55. Ng1 f4 56. gxf4 Kxf4 57. Ne2+ Ke5 58. Ng3 h4 59. Ne2 Ke4 60. Ng1 g4 1/2-1/2

[Event "Hannover Region-ch"]
[Site "Langenhagen"]
[Date "2012.03.31"]
[Round "6"]
[White "Willeke, Lutz"]
[Black "Zucker, Stefan"]
[Result "1-0"]
[WhiteElo "1605"]
[BlackElo "1810"]
[PlyCount "99"]
[EventDate "2012.01.14"]
[EventType "swiss"]
[EventRounds "7"]
[EventCountry "GER"]
[SourceTitle "EXT 2021"]
[Source "ChessBase"]
[SourceDate "2020.10.23"]
[SourceVersion "1"]
[SourceVersionDate "2020.10.23"]
[SourceQuality "1"]

1. d4 Nf6 2. c4 c5 3. d5 b5 4. cxb5 a6 5. bxa6 Bxa6 6. g3 d6 7. Bg2 g6 8. Nc3 Bg7 9. Nf3 0-0 10. 0-0 Nbd7 11. h3 Qc7 12. Re1 Rfb8 13. Qc2 c4 14. Rb1 Nc5 15. Be3 Bc8 16. Bxc5 Qxc5 17. e4 Nh5 18. Kh2 Ra7 19. a3 Rb3 20. Nd1 Rab7 21. Nd2 Rxb2 22. Nxb2 Qxf2 23. Nbxc4 Qxg3+ 24. Kg1 Bd4+ 25. Kh1 Qf4 26. Nf1 Rc7 27. Qd2 Qf6 28. Nce3 Bc5 29. Rb3 Qg5 30. Qf2 Ba6 31. Qf3 Qh4 32. Reb1 Bd4 33. Qg4 Qf2 34. Rb8+ Kg7 35. Nf5+ Kf6 36. Nxd4 Qxd4 37. Ng3 Nxg3+ 38. Qxg3 Rc3 39. Qf4+ Kg7 40. R8b4 Qc5 41. e5 Rxa3 42. exd6 Bd3 43. dxe7 Qxe7 44. Rd1 Qe2 45. Rf1 Bf5 46. Rf3 Ra1+ 47. Bf1 Qa2 48. Qe5+ Kh6 49. Rxf5 Qe2 50. Qf4+ 1-0

[Event "Hannover Region-ch"]
[Site "Langenhagen"]
[Date "2012.01.28"]
[Round "2"]
[White "Willeke, Lutz"]
[Black "Kleinschroth, Roland"]
[Result "0-1"]
[WhiteElo "1605"]
[BlackElo "1993"]
[PlyCount "118"]
[EventDate "2012.01.14"]
[EventType "swiss"]
[EventRounds "7"]
[EventCountry "GER"]
[SourceTitle "EXT 2021"]
[Source "ChessBase"]
[SourceDate "2020.10.23"]
[SourceVersion "1"]
[SourceVersionDate "2020.10.23"]
[SourceQuality "1"]

1. d4 d5 2. Nf3 Nc6 3. Bf4 Bg4 4. Nbd2 e6 5. e3 Bd6 6. Bxd6 cxd6 7. h3 Bh5 8. c3 Nf6 9. Be2 0-0 10. 0-0 Qd7 11. Nh4 Bxe2 12. Qxe2 Rfc8 13. Nhf3 Na5 14. Rfc1 b5 15. Ne1 Ne4 16. Nd3 Nxd2 17. Qxd2 Nc4 18. Qe2 a5 19. Rc2 Ra7 20. Rac1 Rac7 21. a3 g6 22. Kh2 Kg7 23. Kg1 f6 24. Kh2 h5 25. g3 Rh8 26. Rh1 h4 27. g4 g5 28. Rg1 e5 29. Kh1 e4 30. Ne1 Rb8 31. Ng2 b4 32. axb4 axb4 33. cxb4 Rxb4 34. Ra1 Ra7 35. Rac1 Rab7 36. Ne1 Rxb2 37. Kh2 Qb5 38. Rxb2 Qxb2 39. Qxb2 Rxb2 40. Rc2 Rb1 41. Re2 Kf7 42. Kg2 Ke6 43. f3 Kd7 44. Kf2 Kc6 45. Kg2 Kb5 46. Kf2 Kb4 47. Kg2 Kc3 48. Rc2+ Kb3 49. Re2 Rd1 50. Kf2 Nd2 51. Kg2 Kc3 52. Kf2 Rc1 53. fxe4 dxe4 54. Kg2 d5 55. Kf2 Ra1 56. Kg2 Rb1 57. Kf2 Rc1 58. Kg2 Nc4 59. Kf2 Nb2 0-1

[Event "Langenhagen-ch op"]
[Site "Langenhagen"]
[Date "2011.09.17"]
[Round "5"]
[White "Braun, Alexander"]
[Black "Willeke, Lutz"]
[Result "1/2-1/2"]
[WhiteElo "1664"]
[BlackElo "1607"]
[PlyCount "50"]
[EventDate "2011.08.20"]
[EventType "tourn"]
[EventRounds "7"]
[EventCountry "GER"]
[SourceTitle "EXT 2021"]
[Source "ChessBase"]
[SourceDate "2020.10.23"]
[SourceVersion "1"]
[SourceVersionDate "2020.10.23"]
[SourceQuality "1"]

1. d4 d5 2. c4 c6 3. Nf3 Nf6 4. e3 Bg4 5. Nbd2 e6 6. Be2 Bd6 7. b3 0-0 8. Bb2 Nbd7 9. 0-0 Re8 10. Ne5 Bxe2 11. Qxe2 Bf8 12. f4 g6 13. Rf3 Ne4 14. Rh3 Nxd2 15. Qxd2 Nf6 16. g4 Ne4 17. Qe1 f5 18. g5 Qc7 19. Qh4 Qg7 20. c5 Rac8 21. a4 Be7 22. b4 a6 23. Rc1 Bd8 24. Ba1 Bc7 25. Kg2 Bxe5 1/2-1/2

[Event "Niedersachsen-ch Seniors op 14th"]
[Site "Bad Bevensen"]
[Date "2011.07.09"]
[Round "5"]
[White "Willeke, Lutz"]
[Black "Wraga, Teresa"]
[Result "1-0"]
[WhiteElo "1627"]
[BlackElo "1398"]
[PlyCount "79"]
[EventDate "2011.07.05"]
[EventType "swiss"]
[EventRounds "9"]
[EventCountry "GER"]
[SourceTitle "EXT 2012"]
[Source "ChessBase"]
[SourceDate "2011.11.24"]
[SourceVersion "1"]
[SourceVersionDate "2011.11.24"]
[SourceQuality "1"]

1. d4 Nf6 2. c4 c5 3. d5 b5 4. cxb5 a6 5. bxa6 g6 6. Nc3 d6 7. g3 Bxa6 8. Bg2 Bg7 9. Nf3 0-0 10. 0-0 Nbd7 11. h3 Nb6 12. Re1 Nfd7 13. e4 Rb8 14. Qc2 Bc8 15. b3 Ne5 16. Nxe5 Bxe5 17. f4 Bg7 18. Bb2 f5 19. Kh2 fxe4 20. Bxe4 Bf5 21. Nd1 Qd7 22. Bxg7 Kxg7 23. Qg2 Rbe8 24. Nc3 Kh8 25. Rad1 Bxe4 26. Rxe4 Qb7 27. Re6 Rf5 28. Qe4 Qd7 29. Re1 Rff8 30. Rxe7 Rxe7 31. Qxe7 Qxe7 32. Rxe7 Rf5 33. Kg2 Nxd5 34. Nxd5 Rxd5 35. Kf3 Rd3+ 36. Re3 Rxe3+ 37. Kxe3 d5 38. a4 Kg7 39. a5 Kf6 40. a6 1-0

[Event "Niedersachsen-ch Seniors op 14th"]
[Site "Bad Bevensen"]
[Date "2011.07.07"]
[Round "3"]
[White "Willeke, Lutz"]
[Black "Wraga, Hermann"]
[Result "1/2-1/2"]
[WhiteElo "1627"]
[BlackElo "1466"]
[PlyCount "92"]
[EventDate "2011.07.05"]
[EventType "swiss"]
[EventRounds "9"]
[EventCountry "GER"]
[SourceTitle "EXT 2012"]
[Source "ChessBase"]
[SourceDate "2011.11.24"]
[SourceVersion "1"]
[SourceVersionDate "2011.11.24"]
[SourceQuality "1"]

1. d4 Nf6 2. c4 c5 3. d5 b5 4. cxb5 a6 5. bxa6 Bxa6 6. g3 g6 7. Bg2 d6 8. Nf3 Nbd7 9. h3 Bg7 10. 0-0 0-0 11. Nc3 Rb8 12. Re1 Bb7 13. e4 Ne8 14. Qc2 Nc7 15. Rb1 Ba6 16. b3 Qc8 17. Bb2 Re8 18. Bf1 Bxf1 19. Rxf1 Ne5 20. Nxe5 Bxe5 21. Kg2 h5 22. f4 Bg7 23. Qe2 e6 24. Qf3 Rf8 25. f5 Be5 26. f6 Ne8 27. Nd1 Bxb2 28. Nxb2 e5 29. Nc4 Qa6 30. a4 Nc7 31. Qe3 Kh7 32. g4 h4 33. Qg5 Rh8 34. Qxh4+ Kg8 35. Qg3 Kf8 36. g5 Ke8 37. Qg4 Kd8 38. Kg3 Na8 39. h4 Rh5 40. Qf3 Kc7 41. Qc3 Rb4 42. Na3 Rxe4 43. Nb5+ Kd8 44. Rh1 Qb6 45. Qd2 Rb4 46. Rbf1 Rxb3+ 1/2-1/2

[Event "Langenhagen-ch op"]
[Site "Langenhagen"]
[Date "2010.09.04"]
[Round "4"]
[White "Wittur, Helge"]
[Black "Willeke, Lutz"]
[Result "1/2-1/2"]
[WhiteElo "1894"]
[BlackElo "1677"]
[PlyCount "76"]
[EventDate "2010.07.31"]
[EventType "swiss"]
[EventRounds "7"]
[EventCountry "GER"]
[SourceTitle "EXT 2021"]
[Source "ChessBase"]
[SourceDate "2020.10.23"]
[SourceVersion "1"]
[SourceVersionDate "2020.10.23"]
[SourceQuality "1"]

1. c4 Nf6 2. d4 e6 3. Nf3 d5 4. g3 c6 5. Bg2 Be7 6. 0-0 0-0 7. b3 a6 8. Bb2 b5 9. Nbd2 Bb7 10. Ne5 Nbd7 11. Qc2 Rc8 12. Ndf3 bxc4 13. bxc4 c5 14. Nxd7 Nxd7 15. cxd5 cxd4 16. Qa4 Nb6 17. Qxd4 Bf6 18. Qb4 Bxb2 19. Qxb2 Bxd5 20. Rfd1 Nc4 21. Qd4 Qf6 22. Qxf6 gxf6 23. Nd4 Bxg2 24. Kxg2 Rc7 25. Nb3 Rfc8 26. Rd4 f5 27. Rad1 Ne5 28. Rd8+ Kg7 29. Rxc8 Rxc8 30. Rc1 Rc6 31. Rxc6 Nxc6 32. Kf3 Kf6 33. Ke3 Ke7 34. Nc5 a5 35. Nb7 Kd7 36. Nc5+ Kd6 37. Nd3 Kd5 38. Nb2 Nb4 1/2-1/2

[Event "Niedersachsen-ch Seniors op 13th"]
[Site "Bad Bevensen"]
[Date "2010.07.09"]
[Round "4"]
[White "Schumacher, Ursula"]
[Black "Willeke, Lutz"]
[Result "0-1"]
[WhiteElo "1472"]
[BlackElo "1710"]
[PlyCount "54"]
[EventDate "2010.07.06"]
[EventType "swiss"]
[EventRounds "9"]
[EventCountry "GER"]
[SourceTitle "EXT 2012"]
[Source "ChessBase"]
[SourceDate "2011.11.24"]
[SourceVersion "1"]
[SourceVersionDate "2011.11.24"]
[SourceQuality "1"]

1. c4 Nf6 2. Nc3 e6 3. d4 d5 4. e3 Bb4 5. c5 0-0 6. Nge2 b6 7. cxb6 axb6 8. g3 Nc6 9. Bg2 Bxc3+ 10. bxc3 Na5 11. 0-0 Nc4 12. Qc2 Bd7 13. e4 dxe4 14. Bxe4 Nxe4 15. Qxe4 Re8 16. f4 Ra4 17. Qf3 Qa8 18. Qxa8 Rexa8 19. Rf2 Rxa2 20. Rxa2 Rxa2 21. g4 Bb5 22. Kg2 Rc2 23. Kg3 Nd6 24. Kf3 Bxe2+ 25. Rxe2 Rxc1 26. Ra2 Rxc3+ 27. Kg2 Kf8 0-1

[Event "Niedersachsen-ch Seniors 44th"]
[Site "Cadenberge"]
[Date "2010.04.15"]
[Round "3"]
[White "Schencke, Guenther"]
[Black "Willeke, Lutz"]
[Result "0-1"]
[WhiteElo "1499"]
[BlackElo "1699"]
[PlyCount "36"]
[EventDate "2010.04.13"]
[EventType "swiss"]
[EventRounds "9"]
[EventCountry "GER"]
[SourceTitle "EXT 2019"]
[Source "ChessBase"]
[SourceDate "2018.10.10"]
[SourceVersion "1"]
[SourceVersionDate "2018.10.10"]
[SourceQuality "1"]

1. d4 Nf6 2. Nf3 e6 3. e3 b6 4. Bd3 Bb7 5. Nbd2 d5 6. 0-0 Be7 7. b3 0-0 8. Bb2 Nbd7 9. Qe2 c5 10. Ne5 Nxe5 11. dxe5 Nd7 12. f4 f5 13. exf6 Bxf6 14. Bxf6 Nxf6 15. e4 dxe4 16. Nxe4 Nxe4 17. Bxe4 Qd4+ 18. Kh1 Qxe4 0-1

[Event "Niedersachsen-ch Seniors 44th"]
[Site "Cadenberge"]
[Date "2010.04.13"]
[Round "1"]
[White "Adibekian, Roubik"]
[Black "Willeke, Lutz"]
[Result "1-0"]
[WhiteElo "2053"]
[BlackElo "1699"]
[PlyCount "107"]
[EventDate "2010.04.13"]
[EventType "swiss"]
[EventRounds "9"]
[EventCountry "GER"]
[SourceTitle "EXT 2019"]
[Source "ChessBase"]
[SourceDate "2018.10.10"]
[SourceVersion "1"]
[SourceVersionDate "2018.10.10"]
[SourceQuality "1"]

1. d4 Nf6 2. Nf3 e6 3. g3 b6 4. Bg2 Bb7 5. a3 d6 6. 0-0 Be7 7. c4 c5 8. Nc3 0-0 9. d5 e5 10. e4 Nbd7 11. Re1 Re8 12. h3 Nf8 13. Nh4 Bc8 14. Nf5 Bxf5 15. exf5 g6 16. Qf3 gxf5 17. Qxf5 Qd7 18. Qxd7 N8xd7 19. h4 a6 20. Bh3 Nf8 21. Bf5 h5 22. a4 a5 23. Re2 Kg7 24. f4 exf4 25. Bxf4 Ng6 26. Bxg6 Kxg6 27. Nb5 Bf8 28. Rxe8 Nxe8 29. Re1 Rd8 30. Kg2 Ng7 31. Kf3 Rd7 32. b3 Be7 33. Rf1 Nf5 34. Ke4 Ng7 35. Kd3 Nf5 36. Re1 Rb7 37. Rg1 Rd7 38. g4 Nxh4 39. gxh5+ Kxh5 40. Rg8 Ng6 41. Bh2 Bf8 42. Rxf8 Nxf8 43. Bxd6 Ng6 44. Bc7 Rxc7 45. Nxc7 f5 46. d6 Ne5+ 47. Ke3 Nd7 48. Kf4 Kg6 49. Nd5 Kf7 50. Kxf5 Nb8 51. Nxb6 Nc6 52. Nd7 Nd4+ 53. Ke5 Nxb3 54. Kd5 1-0

[Event "Hannover Region-ch"]
[Site "Langenhagen"]
[Date "2010.02.13"]
[Round "2"]
[White "Hachtmann, Christian"]
[Black "Willeke, Lutz"]
[Result "1-0"]
[WhiteElo "1957"]
[BlackElo "1699"]
[PlyCount "51"]
[EventDate "2010.01.16"]
[EventType "swiss"]
[EventRounds "7"]
[EventCountry "GER"]
[SourceTitle "EXT 2021"]
[Source "ChessBase"]
[SourceDate "2020.10.23"]
[SourceVersion "1"]
[SourceVersionDate "2020.10.23"]
[SourceQuality "1"]

1. e4 c6 2. d4 d5 3. exd5 cxd5 4. c4 Nf6 5. Nc3 Nc6 6. Bg5 dxc4 7. d5 Ne5 8. Qd4 Nd3+ 9. Bxd3 cxd3 10. Nf3 Qb6 11. Qxd3 a6 12. 0-0 g6 13. d6 Bg7 14. dxe7 Be6 15. Rad1 h6 16. Be3 Qc7 17. Bc5 Nd7 18. Ne4 Nxc5 19. Nxc5 Kxe7 20. Nxe6 fxe6 21. Qxg6 Bxb2 22. Rfe1 Qc6 23. Nh4 Rhg8 24. Nf5+ Kf8 25. Qxh6+ Kf7 26. Nd6+ 1-0

[Event "Hannover-ch op"]
[Site "Hannover"]
[Date "2002.10.07"]
[Round "5"]
[White "Willeke, Lutz"]
[Black "Sherman, Radyslav"]
[Result "1/2-1/2"]
[WhiteElo "1752"]
[BlackElo "1730"]
[PlyCount "103"]
[EventDate "2002.10.04"]
[EventType "swiss"]
[EventRounds "7"]
[EventCountry "GER"]
[SourceTitle "EXT 2021"]
[Source "ChessBase"]
[SourceDate "2020.10.23"]
[SourceVersion "1"]
[SourceVersionDate "2020.10.23"]
[SourceQuality "1"]

1. d4 d5 2. c4 e5 3. dxe5 d4 4. Nf3 Nc6 5. e3 Bb4+ 6. Bd2 dxe3 7. fxe3 Qe7 8. Bxb4 Qxb4+ 9. Qd2 Bf5 10. Qxb4 Nxb4 11. Na3 0-0-0 12. Be2 Bd3 13. Kf2 Nh6 14. h3 Rhe8 15. Rhd1 a6 16. Rd2 Nf5 17. b3 Bxe2 18. Rxd8+ Rxd8 19. Kxe2 Rd3 20. Kf2 Nxe3 21. Re1 Nd1+ 22. Kg1 h6 23. Nb1 Nxa2 24. Nbd2 Nac3 25. e6 fxe6 26. Rxe6 Re3 27. Rxe3 Nxe3 28. Nd4 g6 29. g4 Kd7 30. Kf2 Ned1+ 31. Kf3 c5 32. Nc2 b5 33. cxb5 axb5 34. Na3 Kc6 35. h4 Kd5 36. Nc2 c4 37. bxc4+ bxc4 38. Kf4 Ne2+ 39. Kf3 Nd4+ 40. Nxd4 Kxd4 41. Kf4 Nf2 42. g5 Nd3+ 43. Kf3 hxg5 44. hxg5 c3 45. Nb3+ Kc4 46. Na1 Nc5 47. Kf4 Ne6+ 48. Ke5 Nxg5 49. Kf6 Ne4+ 50. Kxg6 Kd3 51. Kf5 Nc5 52. Ke5 1/2-1/2